Você Consegue Acertar os Países que tem 3 ou mais palavras no nome? - Statistics

Estatísticas Gerais
  • Esse quiz foi jogado 140 vezes
    116 desde o último reset
  • A pontuação média é 10 de 18
Estatísticas das Respostas
Continente Quantidade de Palavras Países % Correto
África 4 República Democrática do Congo
87%
África 3 África do Sul
70%
África 3 República Centro Africana
70%
Américas 3 Trinidad e Tobago
60%
Oceania 4 Estados Federativos da Micronésia
58%
Ásia 3 Coreia do Sul
55%
Oceania 3 Papua Nova Guiné
55%
Ásia 3 Coreia do Norte
54%
Américas 4 São Cristóvão e Névis
54%
Américas 4 São Vicente e Granadinas
54%
Ásia 3 Emirados Árabes Unidos
53%
África 4 São Tomé e Príncipe
53%
Américas 3 Antígua e Barbuda
47%
África 3 Sudão do Sul
47%
África 3 Costa do Marfim
43%
Américas 4 Estados Unidos da América
43%
Europa 3 Macedônia do Norte
42%
Europa 3 Bósnia e Hezergovina
7%
Nenhum quiz correspondente encontrado
Distribuição das Pontuações
Porcentagem de Pessoas com Cada Pontuação
Percentil de Números Respondidos
Sua Pontuação Histórica
Você não jogou esse quiz desde o último reset